000 00897naa a2200253 4500
001 45259
003 ES-MaCES
005 20150929135609.0
008 000000s2014 sp ||||| t||||||| ||spa d
040 _aES-MaCES
_bspa
_cES-MaCES
100 1 _935290
_aSchulz, Martin
245 1 0 _aUn nuevo comienzo para una Europa mejor
_cMartin Schulz
650 4 _930776
_apolítica comunitaria
650 4 _927234
_aelección
650 4 _927210
_agobierno
650 4 _930406
_aplan de acción
650 4 _927100
_aequilibrio económico
650 4 _928950
_adeclaración
653 1 0 _aMercado Único Europeo
650 4 _926752
_aUE
773 0 _981647
_dMadrid (Padilla, 6, 28006) Estudios de Política Exterior
_o084553
_tPolítica exterior
_w(ES-MaCES)25128
_gvol. 28, n. 159 (mayo-jun. 2014) {10110 R. 084553} ;p. 32-37
902 _aART Artículo de revista
942 _2CES
_cAR
_h1.0.
999 _c45259
_d45259